Handbook of Electric Motors / (Record no. 4096)
[ view plain ]
| 000 -LEADER | |
|---|---|
| fixed length control field | 00975nac a22002171u 4500 |
| 008 - FIXED-LENGTH DATA ELEMENTS--GENERAL INFORMATION | |
| fixed length control field | 100902t xxu||||| |||| 00| 0 eng d |
| 010 ## - LIBRARY OF CONGRESS CONTROL NUMBER | |
| LC control number | 94041546 |
| 020 ## - INTERNATIONAL STANDARD BOOK NUMBER | |
| International Standard Book Number | 0824789156 (alk. paper) |
| 082 00 - DEWEY DECIMAL CLASSIFICATION NUMBER | |
| Classification number | 621.46 |
| Item number | ELE |
| 245 00 - TITLE STATEMENT | |
| Title | Handbook of Electric Motors / |
| Statement of responsibility, etc | Edited by Richard H. Engelmann, William H. Middendorf. |
| 260 ## - PUBLICATION, DISTRIBUTION, ETC. (IMPRINT) | |
| Place of publication, distribution, etc | New York : |
| Name of publisher, distributor, etc | M. Dekker, |
| Date of publication, distribution, etc | c1995. |
| 300 ## - PHYSICAL DESCRIPTION | |
| Extent | x, 801 p. : |
| Other physical details | ill. ; |
| Dimensions | 29 cm. |
| 490 ## - Series Statement | |
| -- | 17801 |
| Series statement | Electrical Engineering and Electronics ; |
| -- | 92 |
| 504 ## - BIBLIOGRAPHY, ETC. NOTE | |
| Bibliography, etc | Includes bibliographical references and index. |
| 650 #0 - SUBJECT ADDED ENTRY--TOPICAL TERM | |
| Topical term or geographic name as entry element | Electric motors |
| General subdivision | Handbooks, manuals, etc. |
| 9 (RLIN) | 17802 |
| 650 #0 - SUBJECT ADDED ENTRY--TOPICAL TERM | |
| Topical term or geographic name as entry element | Electric driving |
| General subdivision | Handbooks, manuals, etc. |
| 9 (RLIN) | 17803 |
| 700 1# - ADDED ENTRY--PERSONAL NAME | |
| Personal name | Engelmann, Richard H., |
| Dates associated with a name | 1923- |
| 9 (RLIN) | 17804 |
| 700 1# - ADDED ENTRY--PERSONAL NAME | |
| Personal name | Middendorf, William H. |
| 9 (RLIN) | 17805 |
| 942 ## - ADDED ENTRY ELEMENTS (KOHA) | |
| Item type | Reference (NB) |
| Call number prefix | 621.46 ELE |
| Source of classification or shelving scheme | Dewey Decimal Classification |
| Withdrawn status | Item status | Source of classification or shelving scheme | Damaged status | Not for loan | Vendor | Home library | Current library | Shelving location | Date acquired | Source of acquisition | Total Checkouts | Full call number | Barcode | Date last seen | Koha item type |
|---|---|---|---|---|---|---|---|---|---|---|---|---|---|---|---|
| Dewey Decimal Classification | Central Library | Central Library | Ground Floor | 06/09/2007 | 1 | 621.46 ELE | 000000121 | 15/07/2025 | Reference (NB) |